| 000 | 00423pab a2200169 454500 | ||
|---|---|---|---|
| 008 | 180718b2011 xxu||||| |||| 00| 0 eng d | ||
| 100 | _aMian, Zia | ||
| 245 | _aThe enduring power of mass production, mass consumption and mass destruction | ||
| 260 | _c2011 | ||
| 300 | _ap.194-196. | ||
| 362 | _aJun | ||
| 650 | _aNuclear weapons | ||
| 700 | _aRamana, M.V. | ||
| 773 | _aDevelopment | ||
| 908 | _aN | ||
| 909 | _a92612 | ||
| 999 |
_c92612 _d92612 |
||